[Event "Pardubice Region-chT 2223"]
[Site "Czech Republic"]
[Date "2022.11.13"]
[Round "3.7"]
[White "Krecek, Jiri"]
[Black "Vecer, Martin"]
[Result "0-1"]
[WhiteElo "1649"]
[BlackElo "1507"]
[PlyCount "92"]
[EventDate "2022.10.09"]
[EventType "team-tourn"]
[EventRounds "11"]
[EventCountry "CZE"]
[SourceTitle "EXT 2024"]
[Source "ChessBase"]
[SourceDate "2023.10.10"]
[SourceVersion "1"]
[SourceVersionDate "2023.10.10"]
[SourceQuality "1"]

1. d4 Nf6 2. c4 e5 3. dxe5 Ng4 4. Nf3 Bc5 5. e3 Nc6 6. Nc3 Ngxe5 7. Be2 d6 8. b3 Bb4 9. Bb2 Qf6 10. Nd4 0-0 11. 0-0 Bxc3 12. Bxc3 Qg6 13. Nb5 Bh3 14. Bf3 Rac8 15. Kh1 Bg4 16. Bxg4 Nxg4 17. Qf3 a6 18. Nd4 Nce5 19. Qxb7 Qh5 20. h3 c6 21. Qxa6 Qh4 22. Kg1 Nf6 23. Nf5 Qg5 24. Nxd6 Ra8 25. Qb7 Rad8 26. c5 Nf3+ 27. Kh1 Qxc5 28. Bxf6 Rxd6 29. Be7 Qd5 30. Bxf8 Nh4 31. f3 Qd2 32. Rg1 Kxf8 33. Qc8+ Rd8 34. Qxc6 Qf2 35. a4 Rd2 36. Qc8+ Ke7 37. Qg4 g6 38. Rac1 Nf5 39. Kh2 Nxe3 40. Qe4+ Kd8 41. Qa8+ Ke7 42. Rc7+ Kf6 43. Qc6+ Kg7 44. f4 Ng4+ 45. Kh1 Qxg1+ 46. Kxg1 Rd1# 0-1